[Event "Vilnius Zavanelli Memorial op-B"]
[Site "Vilnius"]
[Date "2018.10.26"]
[Round "3"]
[White "Jurksaitis, Juozas"]
[Black "Muzas, Kestutis"]
[Result "1-0"]
[WhiteElo "1838"]
[BlackElo "1621"]
[PlyCount "51"]
[EventDate "2018.10.25"]
[EventType "swiss"]
[EventRounds "7"]
[EventCountry "LTU"]
[SourceTitle "CBM 187 Extra"]
[Source "ChessBase"]
[SourceDate "2018.11.04"]
[SourceVersion "1"]
[SourceVersionDate "2018.11.04"]
[SourceQuality "1"]

1. e4 e5 2. Nf3 Nc6 3. Bc4 Bc5 4. c3 Nf6 5. d3 0-0 6. b4 Bb6 7. b5 Na5 8. Nxe5 d6 9. Nxf7 Rxf7 10. Bxf7+ Kxf7 11. 0-0 Bg4 12. Qe1 Qd7 13. h3 Bh5 14. c4 Bd4 15. Nc3 c6 16. Rb1 cxb5 17. Nxb5 Bb6 18. Bf4 Ne8 19. Qb4 Nc6 20. Nxd6+ Nxd6 21. Qxd6 Qxd6 22. Bxd6 Be2 23. c5 Bxf1 24. Kxf1 Bd8 25. Rxb7+ Kg6 26. f4 1-0